000 00729nam a2200241Ia 4500
003 OSt
005 20220923212051.0
006 a|||||r|||| 00| 0
007 ta
008 220922b |||||||| |||| 00| 0 hin d
024 _a150,510
037 _cTextual
040 _aARTS
_cARTS
_bhin
041 _2hin
_ahin
082 _aAoaY, 152K0
100 _aराजपूत, जे एस
245 0 _aमानस मंगल ग्रह की ओर
246 _aMānas hingal grah kī ora
260 _aदिल्ली
_b अंकूर प्रकाशन
_c1960
300 _a84पृ.
_ccm.
942 _hAoaY, 152K0
_cTEXL
_2CC
999 _c306190
_d306190